Marvel Heroes from the 1950's by Picture - Statistics

General Stats
  • This quiz has been taken 12 times
  • The average score is 6 of 15
Answer Stats
Picture Answer % Correct
Jimmy Woo
83%
Gorilla-Man
75%
Forbush Man
50%
Frankenstein‘s Monster
50%
Marvel Boy (Bob Grayson)
50%
Ulysses Bloodstone
50%
Human Robot / M-11
42%
Jack Monroe
42%
Zombie
42%
Lorna the Jungle Queen
25%
Jann of the Jungle
17%
Leopard Girl
17%
Lo-Zar
17%
Outlaw Kid
17%
Waku
17%
No matching quizzes found
Score Distribution
Percent of People with Each Score
Percentile by Number Answered
Your Score History
You have not taken this quiz